000 00724nam a2200289Ia 4500
005 20260324111636.0
008 008 260324s9999 xx 000 0 eng d
020 _a9781003557791
037 _aEBOOK
040 _aCRL
040 _beng
040 _cCRL
041 _2eng
041 _aeng
084 _qCRL
100 _aJun Chen; Xiaohua Tong; Huan Xie; Lijun Chen; Songnian Li
_91139408
245 0 _aGlobal Land Cover Validation
245 0 _bMethodology, Tools, and Practices
260 _bTaylor and Francis
260 _c2025
365 _a
365 _b275
856 _uhttp://www.taylorfrancis.com/books/9781003557791
942 _cEBOOK
999 _c1728297
_d1728297